000 00326nam a22001457a 4500
003 SGT
020 _a9788186514382
082 _a001.4
_bJIN
100 _aJINDAL
245 _aSAMKALEEN VAIGYANIK ANUSANDHAN
260 _aNEW DELHI
_bDESIDOC
_c2013
300 _a266
650 _aSCIENCE RESEARCH METHODOLOGY
942 _2ddc
_cBK
999 _c8203
_d8203